1117 1610 1451 1715 1958 1008 1542 1770 1078 1575 1903 1955 1249 1454 1552 1626 1454 1390 1967 1536 1316 1580 1908 1378 1264 1751 1992 1672 1306 1949 1397 1527 1809 1757 1022 1700 1837 1197 1630 1731 1528 1059 1186 1761 1858 1350 1282 1106 1794 1866 1155 1154 1845 1737 1928 1368 1949 1975 1158 1627 1443 1272 1853 1816 1242 1463 1247 1390 1970 1567 1594 1352 1361 1677 1060 1537 1279 1229 1187 1780 1727 1827 1861 1066 1344 1727 1567 1480 1405 1449 1461 1969 1796 1873 1242 1412 1896 1943 1457 BCNSPRNW ULIB Ver.6.0+V

เปลี่ยนเป็นภาษาไทย

Change to English
 แสดงรายละเอียดบรรณานุกรม
  กลับหน้าหลัก

Brief Record : Get Marc (ISO 2709) : E-mail record : QR code < ปิดหน้าต่าง
LEADER : 00000nam 2200000uu 4500
001    13399112958
003     ULIB
008    110919s2545||||th 000 0 tha d
020    97490540
050  4 LC3998.T5^bอ481ส ล.1 2545
100 0  อุษณีย์ อนุรุทธ์วงศ์ (โพธิสุข)
245 10 สร้างเด็กให้เป็นอัจฉริยะ ล.1 สำรวจแววเด็ก =^bRaising A Genius /^cอุษณีย์ อนุนุทธ์วงศ์ (โพธิสุข)
246 31 Raising A Genius
260    กรุงเทพฯ :^bมูลนิธิสดศรี-สฤษดิ์วงศ์,^c2545
300    140 หน้า :^bภาพประกอบ ;^c21 ซม.
440  0 หนังสือชุดสร้างเด็กให้เป็นอัจฉริยะ ;^vเล่มที่ 3
650  4 การศึกษาสำหรับผู้ที่มีความสามารถพิเศษ
945    ^p80^l0^i015267
945    ^p80^l0^i015268
945    ^p80^l0^i015269
995    ทศพร
999 ^a ทศพร
รายการนี้ยังไม่มีแท็ก
คุณยังไม่ได้ล็อกอิน คุณสามารถมีกิจกรรมร่วมกับเว็บไซต์ได้ แต่ต้องล็อกอินก่อน ::
  ล็อกอิน

รายการสื่อสารสนเทศ

ลำดับที่ ประเภท เลขเรียก/บาร์โค้ด สถานที่ สถานะ
- ไม่พบข้อมูล -

รายการใกล้เคียง
    ผู้แต่ง [อุษณีย์ อนุรุทธ์วงศ์ (โพธิสุข)]

    หัวเรื่อง [การศึกษาสำหรับผู้ที่มีความสามารถพิเศษ]

BibComment


ยังไม่เคยถูกคอมเมนท์

คอมเมนท์ทรัพยากรรายการนี้
  คอมเมนท์: สร้างเด็กให้เป็นอ..


 Copyright 2026. Bcnsprnw @Library